000 00702nam a2200229Ia 4500
003 GCL
008 140319s9999 xx 000 0 ara d
040 _aGCL /
_cGCL
082 0 4 _a370.1
_bل ف
100 1 _aمورى، ليليان
245 1 0 _aفرينة وعلم التربية /
_cمورى، ليليان
700 1 _aدينا شربل
260 _aبيروت :
_bالمؤسسة الجامعية للدراسات والنشر والتوزيع ،
_c1993
300 _a128 ؛
_c18 سم
490 _a
650 0 4 _aالتعليم
650 0 4 _aالمدرسة والمجتمع
650 0 4 _aالمدرسة
650 0 4 _aالاجتماع
650 0 4 _aالمدارس
942 _2ddc
_cBK
999 _c28642
_d28642